| Tag |
First Indicator |
Second Indicator |
Subfields |
| LEADER |
00000cam a2200000 a 4500 |
| 001 |
in00000656213 |
| 005 |
20151015071348.0 |
| 008 |
800820s1980 enka b 10100 engm |
| 010 |
|
|
|a 80040538
|
| 015 |
|
|
|a GB80
|
| 020 |
|
|
|a 0121372405
|
| 035 |
|
|
|a (OCoLC)06709126
|
| 035 |
|
|
|9 ACW8275AM
|
| 040 |
|
|
|a DLC
|c DLC
|d m.c.
|d WAU
|d TXA
|d UtOrBLW
|
| 049 |
|
|
|a TXAM
|c [1328723]
|
| 050 |
0 |
0 |
|a RA1231.M55
|b I5
|
| 082 |
0 |
|
|a 615.9/25
|2 19
|
| 096 |
|
|
|a QV 610 I35 1979
|
| 245 |
0 |
4 |
|a The In vitro effects of mineral dusts /
|c edited by R.C. Brown [and others].
|
| 264 |
|
1 |
|a London ;
|a New York :
|b Academic Press,
|c 1980.
|
| 300 |
|
|
|a xx, 373 pages :
|b illustrations ;
|c 24 cm.
|
| 336 |
|
|
|a text
|b txt
|2 rdacontent
|
| 337 |
|
|
|a unmediated
|b n
|2 rdamedia
|
| 338 |
|
|
|a volume
|b nc
|2 rdacarrier
|
| 500 |
|
|
|a "Based on the proceedings of a meeting on "The In Virto Effects of Mineral Dusts" held at Penarth, S. Glamorgan, Wales, in Sept. 1979."
|
| 504 |
|
|
|a Includes bibliographies and index.
|
| 650 |
|
0 |
|a Mineral dusts
|x Toxicology
|x Congresses.
|
| 650 |
|
0 |
|a Mineral dusts
|x Physiological effect
|x Congresses.
|
| 650 |
|
0 |
|a Pathology, Cellular
|v Congresses.
|
| 650 |
|
0 |
|a Toxicology, Experimental
|x Congresses.
|
| 650 |
|
2 |
|a Dust
|x congresses.
|
| 650 |
|
2 |
|a Minerals
|x toxicity
|x congresses.
|
| 700 |
1 |
|
|a Brown, R. C.
|
| 999 |
|
|
|a MARS
|
| 999 |
f |
f |
|s a9f2d97c-ad9e-3b6e-bebf-efff1753c450
|i 5eed1353-6e5a-35b7-90a2-ed905ca3240b
|t 0
|
| 952 |
f |
f |
|p ric
|a Texas A&M University
|b Rellis Campus
|c Joint Library Facility
|d Remote Storage
|t 0
|e RA1231.M55 I5
|h Library of Congress classification
|i unmediated -- volume
|m A14805082583
|
| 998 |
f |
f |
|a RA1231.M55 I5
|t 0
|l Remote Storage
|